| 000 | 00502nam a22001817a 4500 | ||
|---|---|---|---|
| 003 | OSt | ||
| 005 | 20140310181721.0 | ||
| 008 | 130306t xxu||||| |||| 00| 0 eng d | ||
| 020 | _a086316160X | ||
| 050 |
_aB 2430 _b.F486 1993 |
||
| 082 |
_aIB 194 _bF82 1993 |
||
| 100 | _aFillingham, Lydia Alix. | ||
| 245 |
_aFoucault : _cby Lydia Alix Fillingham _bfor beginner / |
||
| 260 |
_aNew York : _bWriters and Readers Publishing, _cc1993. |
||
| 300 |
_a156 p. : _c23 cm. |
||
| 942 |
_2lcc _cBK |
||
| 999 |
_c2005 _d2005 |
||